000 01251nam a22003257a 4500
005 20180226104936.0
010 _aENG-108620
020 _a8124605645
_c1000.00
020 _a9788124605646
_c1000.00
035 _aEN-92153
035 _aB-537854-857
035 _aB-664866
037 _bDBAD/PUB
037 _bMallika Books/Ven
_adpl
082 _a921
100 _aNataraja Guru
245 _aAutobiography of an Absolutist /
_cby Nataraja Guru
250 _a3rd rev. & enl. ed
260 _aNew Delhi
_bD K Printworld
_c2011
270 _aVedasrt, F-395, Sudarshan Park Ramesh Nagar Metro Station
_bNew Delhi
_e110015
300 _axviii, 803 p., [16] p. of plates :
_c24cm(Hb)
_bill.
500 _aIncludes index
520 _aAutobiography of a believer of the Absolute, follower of Narayana Guru, 1856-1928, and an educator.
600 _d1895-1973.
_a Nataraja Guru,
650 _a Gurus
_zIndia |
_vBiography.
650 _aAbsolute, The.
942 _2ddc
_cEN
_mNAT
_h921
999 _c80369
_d80369